000 00686nam a2200205Ia 4500
003 GCL
008 140319s9999 xx 000 0 ara d
020 _a9026081977
040 _aGCL /
_cGCL
082 0 4 _a819
_bع ا
100 1 _aعبدالرحمن الابنودى
245 1 0 _aالاخطاء المقصودة :
_bالكتابات النثرية /
_cعبدالرحمن الابنودى
250 _aالثالثة
260 _aالقاهرة :
_bأطلس للنشر والانتاج الاعلامى ،
_c2002
300 _a192 ص ؛
_c24 سم
650 0 4 _aالادب العربى
650 0 4 _aالادب
650 0 4 _aالنثر العربى - مصر
942 _2ddc
_cBK
999 _c9392
_d9392